Computational Science and Its Applications – ICCSA 2010 International Conference, Fukuoka, Japan, March 23-26, 2010, Proceedings, Part I /

Bibliographic Details
Corporate Author: SpringerLink (Online service)
Other Authors: Taniar, David (Editor), Gervasi, Osvaldo (Editor), Murgante, Beniamino (Editor), Pardede, Eric (Editor), Apduhan, Bernady O. (Editor)
Format: Electronic eBook
Language:English
Published: Berlin, Heidelberg : Springer Berlin Heidelberg, 2010.
Series:Lecture Notes in Computer Science, 6016
Subjects:
Online Access:Full Text via HEAL-Link
LEADER 06828nam a22005775i 4500
001 978-3-642-12156-2
003 DE-He213
005 20151204153904.0
007 cr nn 008mamaa
008 100402s2010 gw | s |||| 0|eng d
020 |a 9783642121562  |9 978-3-642-12156-2 
024 7 |a 10.1007/978-3-642-12156-2  |2 doi 
040 |d GrThAP 
050 4 |a TK5105.5-5105.9 
072 7 |a UKN  |2 bicssc 
072 7 |a COM075000  |2 bisacsh 
082 0 4 |a 004.6  |2 23 
245 1 0 |a Computational Science and Its Applications – ICCSA 2010  |h [electronic resource] :  |b International Conference, Fukuoka, Japan, March 23-26, 2010, Proceedings, Part I /  |c edited by David Taniar, Osvaldo Gervasi, Beniamino Murgante, Eric Pardede, Bernady O. Apduhan. 
264 1 |a Berlin, Heidelberg :  |b Springer Berlin Heidelberg,  |c 2010. 
300 |a XXXVII, 628 p. 271 illus.  |b online resource. 
336 |a text  |b txt  |2 rdacontent 
337 |a computer  |b c  |2 rdamedia 
338 |a online resource  |b cr  |2 rdacarrier 
347 |a text file  |b PDF  |2 rda 
490 1 |a Lecture Notes in Computer Science,  |x 0302-9743 ;  |v 6016 
505 0 |a Workshop on Geographical Analysis, Urban Modeling, Spatial Statistics (GEO-AN-MOD 2010) -- Real Estate Values, Urban Centrality, Economic Activities. A GIS Analysis on the City of Swindon (UK) -- Analysis of Positional Aspects in the Variation of Real Estate Values in an Italian Southern Metropolitan Area -- A Network Based Kernel Density Estimator Applied to Barcelona Economic Activities -- The Application of Spatial Filtering Technique to the Economic Convergence of the European Regions between 1995 and 2007 -- Spatial Autocorrelation Analysis for the Evaluation of Migration Flows: The Italian Case -- Using Cellular Automata Model to Simulate the Impact of Urban Growth Policy on Environment in Danshuei Township, Taiwan -- Improving the Calibration of the MOLAND Urban Growth Model with Land-Use Information Derived from a Time-Series of Medium Resolution Remote Sensing Data -- Design of a Dynamic Land-Use Change Probability Model Using Spatio-Temporal Transition Matrix -- Forecasting Space-Time Land Use Change in the Paochiao Watershed of Taiwan Using Demand Estimation and Empirical Simulation Approaches -- Should Neighborhood Effect Be Stable in Urban Geosimulation Model? A Case Study of Tokyo -- A Fuzzy Cellular Automata Modeling Approach – Accessing Urban Growth Dynamics in Linguistic Terms -- Computer-Based Methods for a Socially Sustainable Urban and Regional Planning - CoMStaR -- A Comparison of Evolutionary Algorithms for Automatic Calibration of Constrained Cellular Automata -- The Calculation Method of Heating and Cooling Energy Saving Potential in Urban District -- GIS-Based Estimation of Wetland Conservation Potentials in Europe -- G.I.S. to Support Environmental Sustainability in Manufacturing Areas. Case Study of the Apulian Region in Southern Italy -- Estimating and Classifying Spatial and Temporal Distributions of Flow Conditions for Fish Habitats by Using Geostatistical Approaches with Measured Flow and Fish Data -- Service Path Attribution Networks (SPANs): Spatially Quantifying the Flow of Ecosystem Services from Landscapes to People -- Facing the Archaeological Looting in Peru by Using Very High Resolution Satellite Imagery and Local Spatial Autocorrelation Statistics -- U-City: New Trends of Urban Planning in Korea Based on Pervasive and Ubiquitous Geotechnology and Geoinformation -- Settlement-Preference Patterns and Characteristics of Households in Urban Renewal Area -- Ontologies for Urban Regeneration Could Be Useful for Managing Cohesion Policies? -- The Effect of School Facility Allocation to City Center Development Base on Dynamic Spatial Structure Model -- A Fuzzy Reasoning Based Approach for Determining Suitable Paths between Two Locations on a Transport Network -- Assessing Macroseismic Data Reliability through Rough Set Theory: The Case of Rapolla (Basilicata, Southern Italy) -- Utilization of LiDAR and IKONOS Satellite Data for Security Hotspot Analysis Based on Realism of 3D City Model -- Towards 3D Tactical Intelligence Assessments for Crime Scene Analysis -- On the Estimation of Fire Severity Using Satellite ASTER Data and Spatial Autocorrelation Statistics -- Spatial Analysis of the 2008 Influenza Outbreak of Hong Kong -- Spatial Components in Disease Modelling -- Ordered Polyline Trees for Efficient Search of Objects Moving on a Graph -- Compactness in Spatial Decision Support: A Literature Review -- An Architecture and a Metamodel for Processing Analytic and Geographic Multilevel Queries -- Transferring Indicators into Different Partitions of Geographic Space -- A Model Driven Process for Spatial Data Sources and Spatial Data Warehouses Reconcilation -- ISATEM: An Integration of Socioeconomic and Spatial Models for Mineral Resources Exploitation -- Scale-Dependency and Sensitivity of Hydrological Estimations to Land Use and Topography for a Coastal Watershed in Mississippi -- Using MODIS Land-Use/Land-Cover Data and Hydrological Modeling for Estimating Nutrient Concentrations -- Geometrical DCC-Algorithm for Merging Polygonal Geospatial Data -- Geospatial Semantics: A Critical Review -- General Track on Advanced and Emerging Applications -- Modelling Sea Surface Salinity from MODIS Satellite Data -- Skeleton of a Multi-ribbon Surface -- Multi-criteria Optimization in GIS: Continuous K-Nearest Neighbor Search in Mobile Navigation -- The Application of Disturbance Observer to Propulsion Control of Sub-mini Underwater Robot -- On the Security Enhancement of an Efficient and Secure Event Signature Protocol for P2P MMOGs -- A Stable Skeletonization for Tabletop Gesture Recognition. 
650 0 |a Computer science. 
650 0 |a Computer communication systems. 
650 0 |a Software engineering. 
650 0 |a Algorithms. 
650 0 |a Computer simulation. 
650 1 4 |a Computer Science. 
650 2 4 |a Computer Communication Networks. 
650 2 4 |a Software Engineering/Programming and Operating Systems. 
650 2 4 |a Algorithm Analysis and Problem Complexity. 
650 2 4 |a Software Engineering. 
650 2 4 |a Simulation and Modeling. 
650 2 4 |a Information Systems Applications (incl. Internet). 
700 1 |a Taniar, David.  |e editor. 
700 1 |a Gervasi, Osvaldo.  |e editor. 
700 1 |a Murgante, Beniamino.  |e editor. 
700 1 |a Pardede, Eric.  |e editor. 
700 1 |a Apduhan, Bernady O.  |e editor. 
710 2 |a SpringerLink (Online service) 
773 0 |t Springer eBooks 
776 0 8 |i Printed edition:  |z 9783642121555 
830 0 |a Lecture Notes in Computer Science,  |x 0302-9743 ;  |v 6016 
856 4 0 |u http://dx.doi.org/10.1007/978-3-642-12156-2  |z Full Text via HEAL-Link 
912 |a ZDB-2-SCS 
912 |a ZDB-2-LNC 
950 |a Computer Science (Springer-11645)